Carregant...

Choice against chance : An introduction to statistical decision theory /

Dades bibliogràfiques
Autor principal: Aitchison, John
Idioma:Undetermined
Publicat: 1970.
Col·lecció:Addison-Wesley series in behavioral science,quantitative methods^Freerick Mosteller
Matèries:
LEADER 00596nam a2200157Ia 4500
001 14489
008 170722s9999 xx 000 0 und d
100 |a Aitchison, John 
245 |a Choice against chance :  |b An introduction to statistical decision theory / 
260 |c 1970. 
490 |a Addison-Wesley series in behavioral science,quantitative methods^Freerick Mosteller 
653 |a Mathematics 
653 |a Operational Research 
942 |c GEN 
999 |c 80323  |d 80323 
952 |0 0  |1 0  |4 0  |6 B_288_000000000000000_L08  |7 0  |8 LC1  |9 112612  |a LIB  |b LIB  |d 2013-03-25  |h LC1  |o B288 L08  |p 135870  |r 2017-08-12  |w 2017-08-12  |y GEN